LEADER 01233nam a2200205 i 4500 001 000000252106 003 CaOOAMICUS 005 20161214000000.0 008 161214s1835 it u000 u ita u 013 $a231011 040 $aSeMil$bita 100 1 $aSerristori, Luigi,$d<1793-1857>.$0(OLS)http://semarc/name/3081 245 10$aStatistica della Repubblica di S. Marino del principato di Monaco e del ducato di Lucca :$bopera /$cdel colonnello conte L. Serristori. 260 $aFirenze :$bStamperia granducale,$c1835. 300 $a18 p. ;$c30 cm. 773 0 $aSerristori, Luigi <1793-1857>$tStatistica dell'Italia, contenente le statistiche del regno di Sardegna, del principato di Monaco, dell'isola di Corsica, del ducato di Parma, Modena, e Lucca, della repubblica di San Marino, del granducato di Toscana, degli Stati pontifici, ....$dFirenze : Stamperia granducale, 1839.$g3$w()5420 850 $aSeMil 852 $aSeMil$W1$xVenegono$y1$m3M VI 12/3 FA$j202452$B202452$CSeMilBibl$Z2$F215201 $8I 996 $6245$aStatistica della Repubblica di S. Marino del principato di Monaco e del ducato di Lucca :$bopera$9(OLS)http://semarc/title/354297 996 $6260$aFirenze :$bStamperia granducale$9(OLS)http://semarc/publisher/31505 LEADER 01455nam a2200313 i 4500 001 000000223841 003 CaOOAMICUS 005 20131021000000.0 008 131021s1998 it u000 u ita u 013 $a202739 020 $a88-85379-73-7 040 $aSeMil$bita 100 1 $aPepa, Pjetėr.$0(OLS)http://semarc/name/78029 245 10$aPagine sulla dittatura :$bil volto dei martiri albanesi /$cPjetėr Pepa ; traduzione italiana a cura di Ervin e Ron Kubati ; rivisitata da Renato Brucoli. 260 $aTerlizzi (Ba) :$bInsieme,$c1998. 260 $aAvezzano :$bRindertimi,$c1998. 300 $a313 p. :$bill. ;$c22 cm. 650 4$aAlbania - Chiesa - Persecuzioni.$0(OLS)http://semarc/subject/20460 650 4$aAlbania - Chiesa - Storia.$0(OLS)http://semarc/subject/21101 700 1 $aBrucoli, Renato.$0(OLS)http://semarc/name/5009 700 1 $aKubati, Ron.$0(OLS)http://semarc/name/78031 700 1 $aKubati, Ervin.$0(OLS)http://semarc/name/78030 850 $aSeMil 852 $aSeMil$W1$xVenegono$y1$m3A V 81$j174187$B174187$CSeMilBibl$Z2$F185905 $81 961 $aOmaggio: Delpini mons. Mario 996 $6020$a88-85379-73-7$9(OLS)http://semarc/number/224102 996 $6245$aPagine sulla dittatura :$bil volto dei martiri albanesi$9(OLS)http://semarc/title/320933 996 $6260$aAvezzano :$bRindertimi$9(OLS)http://semarc/publisher/53358 996 $6260$aTerlizzi (Ba) :$bInsieme$9(OLS)http://semarc/publisher/35218